[Event "Deutsche Ländermeisterschaft 2024"]
[Site "Tübingen GER"]
[Date "2024.10.03"]
[Round "2"]
[White "Hubert, Charlotte"]
[Black "Belin, Anton"]
[Result "0-1"]
[Termination "normal"]
[Board "4.4"]
[WhiteElo "1878"]
[BlackElo "1994"]
[WhiteClock "00:09:24"]
[BlackClock "01:07:39"]
[WhiteTeam "Hamburg"]
[BlackTeam "Sachsen-Anhalt"]
[PlyCount "50"]
[WhiteFideId "16265920"]
[BlackFideId "34610952"]
[EventCountry "GER"]
[EventRounds "7"]
[EventType "team-swiss"]
[EventDate "2024.10.02"]

1. e4 {[%clk 01:30:56]} {[%emt 00:00:04]} e6 {[%clk 01:30:54]} {[%emt
00:00:07]} 2. d4 {[%clk 01:31:14]} {[%emt 00:00:11]} d5 {[%clk 01:31:05]}
{[%emt 00:00:19]} 3. e5 {[%clk 01:31:32]} {[%emt 00:00:12]} c5 {[%clk
01:31:29]} {[%emt 00:00:06]} 4. c3 {[%clk 01:31:56]} {[%emt 00:00:05]} Nc6
{[%clk 01:31:33]} {[%emt 00:00:27]} 5. Nf3 {[%clk 01:32:18]} {[%emt 00:00:07]}
Nh6 {[%clk 01:31:55]} {[%emt 00:00:08]} 6. a3 {[%clk 00:59:33]} {[%emt
00:33:16]} cxd4 {[%clk 01:31:10]} {[%emt 00:01:15]} 7. cxd4 {[%clk 00:59:56]}
{[%emt 00:00:07]} Bd7 {[%clk 01:30:38]} {[%emt 00:01:02]} 8. Be2 {[%clk
00:58:37]} {[%emt 00:01:48]} Nf5 {[%clk 01:30:13]} {[%emt 00:00:55]} 9. b4
{[%clk 00:57:26]} {[%emt 00:01:42]} b5 {[%clk 01:29:55]} {[%emt 00:00:48]} 10.
Nc3 {[%clk 00:50:54]} {[%emt 00:07:01]} a6 {[%clk 01:29:42]} {[%emt 00:00:43]}
11. O-O {[%clk 00:50:36]} {[%emt 00:00:47]} Qb6 {[%clk 01:28:57]} {[%emt
00:01:15]} 12. Be3 {[%clk 00:49:26]} {[%emt 00:01:40]} Be7 {[%clk 01:26:38]}
{[%emt 00:02:49]} 13. g4 {[%clk 00:46:16]} {[%emt 00:03:40]} Nxe3 {[%clk
01:24:42]} {[%emt 00:02:25]} 14. fxe3 {[%clk 00:46:12]} {[%emt 00:00:34]} f6
{[%clk 01:18:16]} {[%emt 00:06:57]} 15. exf6 {[%clk 00:42:18]} {[%emt
00:04:23]} Bxf6 {[%clk 01:18:08]} {[%emt 00:00:39]} 16. g5 {[%clk 00:39:15]}
{[%emt 00:03:33]} Be7 {[%clk 01:17:55]} {[%emt 00:00:43]} 17. Kh1 {[%clk
00:36:10]} {[%emt 00:03:34]} O-O {[%clk 01:16:31]} {[%emt 00:01:55]} 18. Bd3
{[%clk 00:33:21]} {[%emt 00:03:19]} g6 {[%clk 01:14:46]} {[%emt 00:02:14]} 19.
Qc2 {[%clk 00:26:44]} {[%emt 00:07:07]} Kg7 {[%clk 01:15:02]} {[%emt 00:00:14]}
20. Qg2 {[%clk 00:26:22]} {[%emt 00:00:51]} a5 {[%clk 01:14:01]} {[%emt
00:01:32]} 21. Qh3 {[%clk 00:22:26]} {[%emt 00:04:26]} Rf7 {[%clk 01:13:03]}
{[%emt 00:01:29]} 22. bxa5 {[%clk 00:18:28]} {[%emt 00:04:28]} Rxa5 {[%clk
01:07:37]} {[%emt 00:05:56]} 23. Qh6+ {[%clk 00:13:45]} {[%emt 00:05:12]} Kg8
{[%clk 01:07:58]} {[%emt 00:00:10]} 24. Nh4 {[%clk 00:13:16]} {[%emt 00:00:58]}
Bf8 {[%clk 01:07:28]} {[%emt 00:01:00]} 25. Bxg6 {[%clk 00:09:24]} {[%emt
00:04:22]} Rxf1+ {[%clk 01:07:39]} {[%emt 00:00:19]} 0-1

[Event "Deutsche Ländermeisterschaft 2024"]
[Site "Tübingen GER"]
[Date "2024.10.03"]
[Round "2"]
[White "Kieselbach, Jannik"]
[Black "Malinowsky, Levi"]
[Result "0-1"]
[Termination "normal"]
[Board "5.4"]
[BlackTitle "CM"]
[WhiteElo "2014"]
[BlackElo "2117"]
[WhiteClock "00:01:21"]
[BlackClock "00:16:16"]
[WhiteTeam "Niedersachsen"]
[BlackTeam "Schleswig-Holstein"]
[PlyCount "149"]
[WhiteFideId "16246403"]
[BlackFideId "16253094"]
[EventCountry "GER"]
[EventRounds "7"]
[EventType "team-swiss"]
[EventDate "2024.10.02"]

1. e4 {[%clk 01:30:55]} {[%emt 00:00:04]} c5 {[%clk 01:30:53]} {[%emt
00:00:07]} 2. c3 {[%clk 01:30:39]} {[%emt 00:00:46]} d5 {[%clk 01:31:05]}
{[%emt 00:00:18]} 3. exd5 {[%clk 01:30:59]} {[%emt 00:00:10]} Qxd5 {[%clk
01:31:23]} {[%emt 00:00:13]} 4. Nf3 {[%clk 01:30:23]} {[%emt 00:01:05]} Nc6
{[%clk 01:31:16]} {[%emt 00:00:37]} 5. d4 {[%clk 01:30:03]} {[%emt 00:00:49]}
Bf5 {[%clk 01:31:19]} {[%emt 00:00:27]} 6. Na3 {[%clk 01:21:57]} {[%emt
00:08:36]} cxd4 {[%clk 01:27:45]} {[%emt 00:04:04]} 7. Nxd4 {[%clk 01:09:24]}
{[%emt 00:18:02]} Nxd4 {[%clk 00:54:56]} {[%emt 00:28:20]} 8. Qxd4 {[%clk
01:02:56]} {[%emt 00:06:57]} Qxd4 {[%clk 00:47:15]} {[%emt 00:08:12]} 9. cxd4
{[%clk 01:03:16]} {[%emt 00:00:08]} a6 {[%clk 00:45:20]} {[%emt 00:02:27]} 10.
Be2 {[%clk 00:57:29]} {[%emt 00:06:17]} Nf6 {[%clk 00:45:09]} {[%emt 00:00:41]}
11. O-O {[%clk 00:56:54]} {[%emt 00:01:04]} e6 {[%clk 00:43:59]} {[%emt
00:01:40]} 12. Nc4 {[%clk 00:55:56]} {[%emt 00:01:28]} Rd8 {[%clk 00:42:03]}
{[%emt 00:02:26]} 13. Be3 {[%clk 00:50:05]} {[%emt 00:06:20]} Be7 {[%clk
00:41:44]} {[%emt 00:00:49]} 14. Rfd1 {[%clk 00:45:47]} {[%emt 00:04:49]} O-O
{[%clk 00:39:02]} {[%emt 00:03:12]} 15. Bf3 {[%clk 00:36:09]} {[%emt 00:10:07]}
Nd5 {[%clk 00:32:28]} {[%emt 00:07:05]} 16. Bd2 {[%clk 00:24:40]} {[%emt
00:11:58]} Bc2 {[%clk 00:19:44]} {[%emt 00:13:14]} 17. Rdc1 {[%clk 00:16:44]}
{[%emt 00:08:26]} Ba4 {[%clk 00:19:27]} {[%emt 00:00:47]} 18. Ne3 {[%clk
00:07:44]} {[%emt 00:09:30]} Bc6 {[%clk 00:17:34]} {[%emt 00:02:24]} 19. Nxd5
{[%clk 00:07:17]} {[%emt 00:00:57]} Bxd5 {[%clk 00:16:25]} {[%emt 00:01:39]}
20. Bxd5 {[%clk 00:07:40]} {[%emt 00:00:06]} Rxd5 {[%clk 00:16:41]} {[%emt
00:00:14]} 21. Rc7 {[%clk 00:05:46]} {[%emt 00:02:24]} Bf6 {[%clk 00:15:38]}
{[%emt 00:01:34]} 22. Rxb7 {[%clk 00:04:04]} {[%emt 00:02:11]} Bxd4 {[%clk
00:15:37]} {[%emt 00:00:32]} 23. Bc3 {[%clk 00:03:39]} {[%emt 00:00:55]} Rc8
{[%clk 00:13:51]} {[%emt 00:02:15]} 24. Bxd4 {[%clk 00:01:43]} {[%emt
00:02:27]} Rxd4 {[%clk 00:14:19]} {[%emt 00:00:02]} 25. g3 {[%clk 00:01:53]}
{[%emt 00:00:19]} g5 {[%clk 00:11:23]} {[%emt 00:03:26]} 26. Rb6 {[%clk
00:01:44]} {[%emt 00:00:39]} Rc2 {[%clk 00:10:48]} {[%emt 00:01:06]} 27. Rxa6
{[%clk 00:01:14]} {[%emt 00:00:59]} Rdd2 {[%clk 00:10:35]} {[%emt 00:00:43]}
28. Rf1 {[%clk 00:01:39]} {[%emt 00:00:06]} Rxb2 {[%clk 00:10:58]} {[%emt
00:00:06]} 29. Kg2 {[%clk 00:01:02]} Rxa2 {[%clk 00:10:34]} {[%emt 00:02:01]}
30. Rxa2 {[%clk 00:01:28]} Rxa2 {[%clk 00:10:34]} 31. h3 {[%emt 00:01:08]} Kg7
{[%clk 00:10:49]} {[%emt 00:00:11]} 32. Rb1 {[%clk 00:01:51]} {[%emt 00:00:07]}
Kg6 {[%clk 00:10:01]} {[%emt 00:01:17]} 33. Rb3 {[%clk 00:01:55]} {[%emt
00:00:27]} Rc2 {[%clk 00:08:08]} {[%emt 00:02:23]} 34. Ra3 {[%clk 00:01:46]}
{[%emt 00:00:40]} Rc4 {[%clk 00:07:27]} {[%emt 00:01:10]} 35. Rb3 {[%clk
00:01:56]} {[%emt 00:00:21]} h5 {[%clk 00:07:04]} {[%emt 00:00:52]} 36. Ra3
{[%clk 00:01:43]} {[%emt 00:00:42]} f5 {[%clk 00:06:04]} {[%emt 00:01:31]} 37.
Ra8 {[%clk 00:01:10]} {[%emt 00:01:03]} h4 {[%clk 00:05:32]} {[%emt 00:01:03]}
38. gxh4 {[%clk 00:01:08]} {[%emt 00:00:31]} Rxh4 {[%clk 00:05:56]} {[%emt
00:00:06]} 39. Ra3 {[%clk 00:00:57]} {[%emt 00:00:41]} Rb4 {[%clk 00:06:06]}
{[%emt 00:00:20]} 40. Rc3 {[%clk 00:01:01]} {[%emt 00:00:25]} Kf6 {[%clk
00:06:17]} {[%emt 00:00:20]} 41. Ra3 {[%clk 00:30:14]} {[%emt 00:01:17]} Rd4
{[%clk 00:34:16]} {[%emt 00:02:30]} 42. Kf3 {[%clk 00:28:31]} {[%emt 00:02:14]}
Ke5 {[%clk 00:32:58]} {[%emt 00:01:48]} 43. Ra5+ {[%clk 00:27:40]} {[%emt
00:01:21]} Rd5 {[%clk 00:32:46]} {[%emt 00:00:42]} 44. Ra3 {[%clk 00:28:00]}
{[%emt 00:00:10]} Rc5 {[%clk 00:29:56]} {[%emt 00:03:20]} 45. Re3+ {[%clk
00:26:51]} {[%emt 00:01:39]} Kf6 {[%clk 00:28:31]} {[%emt 00:01:55]} 46. Ra3
{[%clk 00:26:44]} {[%emt 00:00:37]} Rc4 {[%clk 00:28:49]} {[%emt 00:00:12]} 47.
Rb3 {[%clk 00:26:06]} {[%emt 00:01:09]} Ke5 {[%clk 00:28:09]} {[%emt 00:01:10]}
48. Re3+ {[%clk 00:24:46]} {[%emt 00:01:49]} Kd5 {[%clk 00:28:12]} {[%emt
00:00:27]} 49. Rd3+ {[%clk 00:24:52]} {[%emt 00:00:24]} Rd4 {[%clk 00:28:19]}
{[%emt 00:00:24]} 50. Ra3 {[%clk 00:24:50]} {[%emt 00:00:31]} e5 {[%clk
00:27:48]} {[%emt 00:01:01]} 51. Ra5+ {[%clk 00:22:30]} {[%emt 00:02:50]} Ke6
{[%clk 00:27:27]} {[%emt 00:00:51]} 52. Ra6+ {[%clk 00:20:18]} {[%emt
00:02:42]} Rd6 {[%clk 00:27:44]} {[%emt 00:00:12]} 53. Ra4 {[%clk 00:17:55]}
{[%emt 00:02:53]} e4+ {[%clk 00:26:07]} {[%emt 00:02:08]} 54. Kg2 {[%clk
00:18:18]} {[%emt 00:00:07]} Ke5 {[%clk 00:26:18]} {[%emt 00:00:19]} 55. Ra5+
{[%clk 00:18:32]} {[%emt 00:00:16]} Kf4 {[%clk 00:26:30]} {[%emt 00:00:16]} 56.
Ra4 {[%clk 00:18:36]} {[%emt 00:00:28]} Rd2 {[%clk 00:25:55]} {[%emt 00:01:04]}
57. Rb4 {[%clk 00:18:44]} {[%emt 00:00:22]} Ra2 {[%clk 00:25:45]} {[%emt
00:00:40]} 58. Rc4 {[%clk 00:13:44]} {[%emt 00:05:31]} Ra5 {[%clk 00:25:11]}
{[%emt 00:01:03]} 59. Rb4 {[%clk 00:12:28]} {[%emt 00:01:47]} Rc5 {[%clk
00:25:03]} {[%emt 00:00:36]} 60. Ra4 {[%clk 00:12:38]} {[%emt 00:00:22]} Ke5
{[%clk 00:24:28]} {[%emt 00:01:04]} 61. Rb4 {[%clk 00:12:12]} {[%emt 00:00:57]}
Ra5 {[%clk 00:22:55]} {[%emt 00:02:02]} 62. Rc4 {[%clk 00:09:49]} {[%emt
00:02:55]} Kd5 {[%clk 00:22:29]} {[%emt 00:00:56]} 63. Rb4 {[%clk 00:08:31]}
{[%emt 00:01:47]} Kc5 {[%clk 00:22:20]} {[%emt 00:00:38]} 64. Rb8 {[%clk
00:08:25]} {[%emt 00:00:35]} Kd4 {[%clk 00:21:38]} {[%emt 00:01:13]} 65. Rd8+
{[%clk 00:04:04]} {[%emt 00:04:52]} Rd5 {[%clk 00:21:40]} {[%emt 00:00:29]} 66.
Ra8 {[%clk 00:03:46]} {[%emt 00:00:48]} Kc3 {[%clk 00:21:09]} {[%emt 00:01:00]}
67. Ra3+ {[%clk 00:03:40]} {[%emt 00:00:36]} Kd2 {[%clk 00:21:12]} {[%emt
00:00:26]} 68. Ra2+ {[%clk 00:02:43]} {[%emt 00:01:29]} Ke1 {[%clk 00:20:29]}
{[%emt 00:01:12]} 69. Ra1+ {[%clk 00:02:07]} {[%emt 00:01:07]} Ke2 {[%clk
00:19:10]} {[%emt 00:01:49]} 70. Ra2+ {[%clk 00:02:00]} {[%emt 00:00:37]} Rd2
{[%clk 00:19:31]} {[%emt 00:00:06]} 71. Ra5 {[%clk 00:01:10]} {[%emt 00:01:23]}
f4 {[%clk 00:19:19]} {[%emt 00:00:42]} 72. Rxg5 {[%clk 00:00:49]} {[%emt
00:00:51]} Ke1 {[%clk 00:16:05]} {[%emt 00:03:45]} 73. h4 {[%clk 00:01:13]}
{[%emt 00:00:06]} Rxf2+ {[%clk 00:16:19]} {[%emt 00:00:15]} 74. Kg1 {[%clk
00:01:33]} {[%emt 00:00:10]} Re2 {[%clk 00:16:16]} {[%emt 00:00:33]} 75. Ra5
{[%clk 00:01:21]} {[%emt 00:00:42]} 76. Ra1+ Kd2 77. h5 Tg2+ 78 Kh1 Tg5 0-1

[Event "Deutsche Ländermeisterschaft 2024"]
[Site "Tübingen GER"]
[Date "2024.10.03"]
[Round "2"]
[White "Liebold, Aaron"]
[Black "Hinrichs, Paul"]
[Result "0-1"]
[Termination "normal"]
[Board "6.1"]
[WhiteElo "2058"]
[BlackElo "2264"]
[WhiteClock "00:01:41"]
[BlackClock "00:23:33"]
[WhiteTeam "Thüringen"]
[BlackTeam "Rheinland-Pfalz"]
[PlyCount "217"]
[WhiteFideId "12997846"]
[BlackFideId "12942545"]
[EventCountry "GER"]
[EventRounds "7"]
[EventType "team-swiss"]
[EventDate "2024.10.02"]

1. e4 {[%clk 01:30:57]} e5 {[%clk 01:30:44]} {[%emt 00:00:17]} 2. Nf3 {[%clk
01:31:10]} {[%emt 00:00:18]} Nc6 {[%clk 01:31:07]} {[%emt 00:00:06]} 3. Bc4
{[%clk 01:31:20]} {[%emt 00:00:20]} Nf6 {[%clk 01:31:25]} {[%emt 00:00:12]} 4.
d3 {[%clk 01:31:39]} {[%emt 00:00:11]} Bc5 {[%clk 01:31:09]} {[%emt 00:00:45]}
5. a4 {[%clk 01:31:30]} {[%emt 00:00:40]} d6 {[%clk 01:29:45]} {[%emt
00:01:54]} 6. c3 {[%clk 01:31:37]} {[%emt 00:00:23]} a6 {[%clk 01:29:40]}
{[%emt 00:00:34]} 7. O-O {[%clk 01:30:25]} {[%emt 00:01:43]} Ba7 {[%clk
01:27:18]} {[%emt 00:02:53]} 8. Be3 {[%clk 01:30:02]} {[%emt 00:00:52]} Bxe3
{[%clk 01:27:10]} {[%emt 00:00:38]} 9. fxe3 {[%clk 01:30:29]} {[%emt 00:00:06]}
O-O {[%clk 01:27:16]} {[%emt 00:00:22]} 10. Nbd2 {[%clk 01:24:51]} {[%emt
00:06:07]} Ne7 {[%clk 01:25:56]} {[%emt 00:01:50]} 11. Qc2 {[%clk 01:14:20]}
{[%emt 00:11:01]} Ng6 {[%clk 01:22:49]} {[%emt 00:04:06]} 12. d4 {[%clk
01:11:13]} {[%emt 00:03:09]} a5 {[%clk 01:20:37]} {[%emt 00:02:41]} 13. Rfe1
{[%clk 01:02:31]} {[%emt 00:09:12]} c6 {[%clk 01:17:09]} {[%emt 00:03:57]} 14.
Ba2 {[%clk 01:01:14]} {[%emt 00:01:47]} b5 {[%clk 01:09:34]} {[%emt 00:08:06]}
15. Nf1 {[%clk 00:39:00]} {[%emt 00:22:44]} Qb6 {[%clk 01:00:09]} {[%emt
00:09:55]} 16. Rad1 {[%clk 00:38:22]} {[%emt 00:01:06]} b4 {[%clk 00:56:48]}
{[%emt 00:03:52]} 17. c4 {[%clk 00:36:10]} {[%emt 00:02:42]} c5 {[%clk
00:56:44]} {[%emt 00:00:35]} 18. h3 {[%clk 00:20:18]} {[%emt 00:16:22]} b3
{[%clk 00:54:07]} {[%emt 00:03:07]} 19. Qxb3 {[%clk 00:19:27]} {[%emt
00:01:21]} Qxb3 {[%clk 00:54:24]} {[%emt 00:00:13]} 20. Bxb3 {[%clk 00:19:54]}
{[%emt 00:00:03]} Rb8 {[%clk 00:52:16]} {[%emt 00:02:38]} 21. N1d2 {[%clk
00:19:15]} {[%emt 00:01:08]} Ba6 {[%clk 00:47:01]} {[%emt 00:05:45]} 22. Rb1
{[%clk 00:15:05]} {[%emt 00:04:40]} Rb4 {[%clk 00:44:44]} {[%emt 00:02:47]} 23.
Ba2 {[%clk 00:14:04]} {[%emt 00:01:31]} Bb7 {[%clk 00:44:03]} {[%emt 00:01:12]}
24. d5 {[%clk 00:10:02]} {[%emt 00:04:31]} Rxa4 {[%clk 00:43:48]} {[%emt
00:00:45]} 25. Bb3 {[%clk 00:10:23]} {[%emt 00:00:09]} Rb4 {[%clk 00:44:14]}
{[%emt 00:00:04]} 26. Ra1 {[%clk 00:10:49]} {[%emt 00:00:03]} Rd8 {[%clk
00:42:41]} {[%emt 00:02:05]} 27. Rxa5 {[%clk 00:08:08]} {[%emt 00:03:10]} Nxe4
{[%clk 00:42:08]} {[%emt 00:01:03]} 28. Rea1 {[%clk 00:08:20]} {[%emt
00:00:18]} Nf6 {[%clk 00:40:50]} {[%emt 00:01:48]} 29. R1a4 {[%clk 00:05:57]}
{[%emt 00:02:53]} Rb6 {[%clk 00:41:08]} {[%emt 00:00:12]} 30. Ra2 {[%clk
00:05:10]} {[%emt 00:01:17]} Ne7 {[%clk 00:36:33]} {[%emt 00:05:05]} 31. Ba4
{[%clk 00:03:26]} {[%emt 00:02:14]} Rb8 {[%clk 00:34:04]} {[%emt 00:03:00]} 32.
e4 {[%clk 00:03:05]} {[%emt 00:00:50]} Bc8 {[%clk 00:33:59]} {[%emt 00:00:35]}
33. b3 {[%clk 00:01:47]} {[%emt 00:01:47]} h6 {[%clk 00:27:23]} {[%emt
00:07:07]} 34. Bb5 {[%clk 00:01:13]} {[%emt 00:01:04]} Kf8 {[%clk 00:19:12]}
{[%emt 00:08:41]} 35. Ra7 {[%clk 00:00:59]} {[%emt 00:00:43]} R6b7 {[%clk
00:18:10]} {[%emt 00:01:32]} 36. Ra8 {[%clk 00:00:50]} {[%emt 00:00:39]} Bd7
{[%clk 00:15:55]} {[%emt 00:02:46]} 37. Bxd7 {[%clk 00:00:43]} {[%emt
00:00:37]} Nxd7 {[%clk 00:16:21]} {[%emt 00:00:03]} 38. R8a6 {[%clk 00:00:44]}
{[%emt 00:00:29]} Nc8 {[%clk 00:16:27]} {[%emt 00:00:24]} 39. Kf2 {[%clk
00:00:42]} {[%emt 00:00:32]} g6 {[%clk 00:16:14]} {[%emt 00:00:43]} 40. g4
{[%clk 00:00:35]} {[%emt 00:00:38]} Ke7 {[%clk 00:16:10]} {[%emt 00:00:34]} 41.
Ra1 {[%clk 00:18:56]} {[%emt 00:12:08]} Ncb6 {[%clk 00:40:58]} {[%emt
00:05:42]} 42. Ke2 {[%clk 00:14:22]} {[%emt 00:05:04]} Rf8 {[%clk 00:41:19]}
{[%emt 00:00:09]} 43. Rf1 {[%clk 00:14:20]} {[%emt 00:00:32]} Rbb8 {[%clk
00:39:58]} {[%emt 00:01:52]} 44. Ra7 {[%clk 00:12:25]} {[%emt 00:02:25]} Nc8
{[%clk 00:40:18]} {[%emt 00:00:10]} 45. Ra3 {[%clk 00:12:10]} {[%emt 00:00:44]}
Nf6 {[%clk 00:39:08]} {[%emt 00:01:40]} 46. Rf2 {[%clk 00:09:34]} {[%emt
00:03:06]} Nh7 {[%clk 00:39:01]} {[%emt 00:00:37]} 47. Kd1 {[%clk 00:05:53]}
{[%emt 00:04:10]} Nb6 {[%clk 00:38:47]} {[%emt 00:00:45]} 48. Ra7+ {[%clk
00:06:13]} {[%emt 00:00:09]} Nd7 {[%clk 00:39:11]} {[%emt 00:00:06]} 49. Kc2
{[%clk 00:05:31]} {[%emt 00:01:12]} Ra8 {[%clk 00:39:21]} {[%emt 00:00:20]} 50.
Rxa8 {[%clk 00:05:55]} {[%emt 00:00:06]} Rxa8 {[%clk 00:39:49]} {[%emt
00:00:02]} 51. Kb2 {[%clk 00:06:20]} {[%emt 00:00:05]} Ndf6 {[%clk 00:38:22]}
{[%emt 00:01:56]} 52. Re2 {[%clk 00:05:00]} {[%emt 00:01:49]} h5 {[%clk
00:37:10]} {[%emt 00:01:42]} 53. g5 {[%clk 00:04:16]} {[%emt 00:01:14]} Nd7
{[%clk 00:37:08]} {[%emt 00:00:33]} 54. Nb1 {[%clk 00:03:20]} {[%emt 00:01:25]}
f6 {[%clk 00:35:57]} {[%emt 00:01:42]} 55. gxf6+ {[%clk 00:03:38]} {[%emt
00:00:12]} Ndxf6 {[%clk 00:35:42]} {[%emt 00:00:45]} 56. Nc3 {[%clk 00:03:26]}
{[%emt 00:00:42]} g5 {[%clk 00:35:28]} {[%emt 00:00:44]} 57. Rg2 {[%clk
00:03:23]} {[%emt 00:00:33]} Rg8 {[%clk 00:34:49]} {[%emt 00:01:10]} 58. Rg1
{[%clk 00:00:57]} {[%emt 00:02:56]} Kf7 {[%clk 00:33:05]} {[%emt 00:02:13]} 59.
Kc2 {[%clk 00:00:46]} {[%emt 00:00:41]} h4 {[%clk 00:32:15]} {[%emt 00:01:20]}
60. Kd3 {[%clk 00:00:52]} {[%emt 00:00:25]} Nh5 {[%clk 00:32:34]} {[%emt
00:00:10]} 61. Nb5 {[%clk 00:01:02]} {[%emt 00:00:19]} Nf4+ {[%clk 00:32:04]}
{[%emt 00:01:00]} 62. Ke3 {[%clk 00:01:30]} {[%emt 00:00:02]} Rg6 {[%clk
00:32:30]} {[%emt 00:00:05]} 63. Rh1 {[%clk 00:01:11]} {[%emt 00:00:49]} Nf8
{[%clk 00:32:25]} {[%emt 00:00:36]} 64. b4 {[%clk 00:00:33]} {[%emt 00:01:08]}
Nd7 {[%clk 00:32:16]} {[%emt 00:00:39]} 65. bxc5 {[%clk 00:00:53]} {[%emt
00:00:11]} Nxc5 {[%clk 00:32:44]} {[%emt 00:00:01]} 66. Nc7 {[%clk 00:00:33]}
{[%emt 00:00:50]} Ke7 {[%clk 00:31:25]} {[%emt 00:01:50]} 67. Rh2 {[%clk
00:00:34]} {[%emt 00:00:29]} Rg8 {[%clk 00:31:07]} {[%emt 00:00:48]} 68. Nb5
{[%clk 00:00:45]} {[%emt 00:00:19]} Nd7 {[%clk 00:30:38]} {[%emt 00:00:59]} 69.
Rh1 {[%clk 00:00:53]} {[%emt 00:00:21]} Rg6 {[%clk 00:28:31]} {[%emt 00:02:38]}
70. Rg1 {[%clk 00:01:11]} {[%emt 00:00:13]} Nxh3 {[%clk 00:26:44]} {[%emt
00:02:17]} 71. Nxh4 {[%clk 00:01:35]} {[%emt 00:00:06]} Rf6 {[%clk 00:27:12]}
{[%emt 00:00:02]} 72. Rh1 {[%clk 00:01:29]} {[%emt 00:00:37]} gxh4 {[%clk
00:27:32]} {[%emt 00:00:09]} 73. Rxh3 {[%clk 00:01:49]} {[%emt 00:00:10]} Rf4
{[%clk 00:27:59]} {[%emt 00:00:02]} 74. Nc3 {[%clk 00:00:33]} {[%emt 00:01:47]}
Nc5 {[%clk 00:28:26]} {[%emt 00:00:03]} 75. Rf3 {[%clk 00:00:40]} {[%emt
00:00:23]} Rg4 {[%clk 00:28:37]} {[%emt 00:00:18]} 76. Rh3 {[%clk 00:00:31]}
{[%emt 00:00:40]} Kf6 {[%clk 00:27:07]} {[%emt 00:01:59]} 77. Rf3+ {[%clk
00:00:47]} {[%emt 00:00:14]} Kg6 {[%clk 00:27:35]} {[%emt 00:00:02]} 78. Rf8
{[%clk 00:00:34]} {[%emt 00:00:43]} Rg3+ {[%clk 00:27:10]} {[%emt 00:00:56]}
79. Rf3 {[%clk 00:00:46]} {[%emt 00:00:17]} Rg2 {[%clk 00:26:33]} {[%emt
00:01:07]} 80. Nb5 {[%clk 00:00:44]} {[%emt 00:00:32]} Nb7 {[%clk 00:24:27]}
{[%emt 00:02:36]} 81. Rf2 {[%clk 00:00:40]} {[%emt 00:00:34]} Rxf2 {[%clk
00:21:43]} {[%emt 00:03:15]} 82. Kxf2 {[%clk 00:01:09]} Kg5 {[%clk 00:21:59]}
{[%emt 00:00:13]} 83. Kf3 {[%clk 00:01:20]} {[%emt 00:00:19]} h3 {[%clk
00:22:05]} {[%emt 00:00:25]} 84. Kg3 {[%clk 00:01:25]} {[%emt 00:00:25]} h2
{[%clk 00:22:29]} {[%emt 00:00:06]} 85. Kxh2 {[%clk 00:01:47]} {[%emt
00:00:07]} Kf4 {[%clk 00:22:55]} {[%emt 00:00:04]} 86. Kg2 {[%clk 00:00:32]}
{[%emt 00:01:46]} Kxe4 {[%clk 00:23:08]} {[%emt 00:00:17]} 87. Kf2 {[%clk
00:00:42]} {[%emt 00:00:21]} Kd3 {[%clk 00:23:27]} {[%emt 00:00:10]} 88. Na3
{[%clk 00:00:39]} {[%emt 00:00:33]} Kd4 {[%clk 00:22:33]} {[%emt 00:01:24]} 89.
Ke2 {[%clk 00:00:37]} {[%emt 00:00:33]} Na5 {[%clk 00:22:27]} {[%emt 00:00:36]}
90. Nb5+ {[%clk 00:00:32]} {[%emt 00:00:35]} Kc5 {[%clk 00:22:53]} {[%emt
00:00:03]} 91. Kd3 {[%clk 00:00:49]} {[%emt 00:00:13]} Nxc4 {[%clk 00:23:18]}
{[%emt 00:00:06]} 92. Nc7 {[%clk 00:00:40]} {[%emt 00:00:39]} Nb6 {[%clk
00:23:11]} {[%emt 00:00:37]} 93. Ke4 {[%clk 00:00:58]} {[%emt 00:00:12]} Nd7
{[%clk 00:23:08]} {[%emt 00:00:33]} 94. Na6+ {[%clk 00:00:31]} {[%emt
00:00:56]} Kc4 {[%clk 00:23:13]} {[%emt 00:00:26]} 95. Nc7 {[%clk 00:00:32]}
{[%emt 00:00:29]} Nf6 {[%clk 00:23:24]} {[%emt 00:00:19]} 96. Kf5 {[%clk
00:00:41]} {[%emt 00:00:21]} Nxd5 {[%clk 00:22:29]} {[%emt 00:01:25]} 97. Ne6
{[%clk 00:00:32]} {[%emt 00:00:38]} Ne7+ {[%clk 00:21:44]} {[%emt 00:01:15]}
98. Ke4 {[%clk 00:00:43]} {[%emt 00:00:19]} Kb5 {[%clk 00:20:10]} {[%emt
00:02:05]} 99. Ng5 {[%clk 00:00:45]} {[%emt 00:00:27]} Kc5 {[%clk 00:20:27]}
{[%emt 00:00:14]} 100. Ne6+ {[%clk 00:00:32]} {[%emt 00:00:44]} Kc6 {[%clk
00:20:48]} {[%emt 00:00:08]} 101. Nd8+ {[%clk 00:00:52]} {[%emt 00:00:10]} Kd7
{[%clk 00:20:45]} {[%emt 00:00:34]} 102. Nf7 {[%clk 00:00:36]} {[%emt
00:00:45]} Ke6 {[%clk 00:21:12]} {[%emt 00:00:04]} 103. Ng5+ {[%clk 00:00:53]}
{[%emt 00:00:13]} Kf6 {[%clk 00:21:39]} {[%emt 00:00:02]} 104. Nh7+ {[%clk
00:01:14]} {[%emt 00:00:09]} Kg7 {[%clk 00:22:05]} {[%emt 00:00:04]} 105. Ng5
{[%clk 00:01:39]} {[%emt 00:00:05]} Kg6 {[%clk 00:22:32]} {[%emt 00:00:03]}
106. Ne6 {[%clk 00:01:40]} {[%emt 00:00:28]} Kf6 {[%clk 00:22:59]} {[%emt
00:00:03]} 107. Nc7 {[%clk 00:01:52]} {[%emt 00:00:18]} d5+ {[%clk 00:23:21]}
{[%emt 00:00:09]} 108. Kd3 {[%clk 00:01:22]} {[%emt 00:01:00]} Kf5 {[%clk
00:23:33]} {[%emt 00:00:17]} 109. Nb5 {[%clk 00:01:41]} {[%emt 00:00:11]} 0-1